000 00437nam a2200193Ia 4500
005 20240823035632.0
008 240823s9999||||xx |||||||||||||| ||und||
020 _a978-0-330-45270-0
041 _aENGLISH
082 _A823.914 P6
100 _aJohn Fullerton
245 0 _aWhite Boys Dont Cry
250 _a1st
260 _c2006
_b"Pan Books,L"
500 _aYES
650 _aNovel
_bEnglish
942 _cBK
999 _c201159
_d201159